00543nam a2200169Ia 4500008004100000041000800041082001400049100003000063245007800093250000800171260004700179300000700226650002200233942000700255952009600262999001500358230711s9999||||xx |||||||||||||| ||und|| aENG a624bBU-I aBureau of Indian Standard 0aIS : 2720 Pt 16bMethod of test for soil Pt 16 : Lab determination of CBR a2nd c1988aNew DelhibBureau of Indian Standard a15 aCivil Engineering cBK 001040708CaMCLbMCLd0000-00-00l0o624 BU-Ip7643r2023-08-17 14:41:24w2023-08-17yBK c7909d7909